000 00814cab a2200241 4500
001 ABS55773
008 090401t1996 xxu||||| |||| 00| 0 eng d
035 _a(Sirsi) u18711
041 _aeng
245 _aDearer DERA Dear
260 _c1996
350 _a0
490 _aBuilding
_v261(7945) 6 September 1996, 48-50(3)
520 _aExamines the problems surrounding the Defence Evaluation and Research Agency`s new headquarters at Farnborough, such as going £30m over budget and a claims dispute between the design-and-build contractor and the client.
650 _aDEFENCE EVALUATION RESEARCH AGENCY
650 _aDEFENCE PROPERTY
650 _aDERA
650 _aDESIGN AND BUILD PROJECT
650 _aMOD
690 _aBUILDING AND CONSTRUCTION-PROJECTS
942 _n0
948 _c04/03/1997
999 _c12453
_d12453